Top 10 Moroccan Football Transfer Records - Statistics

General Stats
  • This quiz has been taken 146 times
    37 since last reset
  • The average score is 6 of 10
Answer Stats
Rank Name Joined Left Season Fee % Correct
1 Achraf Hakimi Paris Saint-Germain Inter Milan 21/22 €68.00m
100%
2 Achraf Hakimi Inter Milan Real Madrid 20/21 €43.00m
100%
3 Hakim Ziyech Chelsea FC Ajax Amsterdam 20/21 €40.00m
94%
5 Medhi Benatia Bayern Munich AS Roma 14/15 €28.00m
76%
9 Bono Al-Hilal SFC Sevilla FC 23/24 €21.00m
70%
4 Nayef Aguerd West Ham United Stade Rennais FC 22/23 €35.00m
64%
7 Bilal El Khannouss Leicester City KRC Genk 24/25 €22.50m
52%
10 Chemsdine Talbi Sunderland AFC Club Brugge KV 25/26 €20.00m
36%
6 Neil El Aynaoui AS Roma RC Lens 25/26 €23.50m
33%
8 Sofiane Diop OGC Nice AS Monaco 22/23 €22.00m
21%
No matching quizzes found
Score Distribution
Percent of People with Each Score
Percentile by Number Answered
Your Score History
You have not taken this quiz since the last reset